[Event "RSA-ch U10"]
[Site "Gauteng"]
[Date "2017.04.09"]
[Round "8"]
[White "Rooplal, Jasveer"]
[Black "Coetzer, Quinn"]
[Result "1/2-1/2"]
[WhiteElo "760"]
[BlackElo "705"]
[PlyCount "65"]
[EventDate "2017.04.05"]
[EventType "swiss"]
[EventRounds "11"]
[EventCountry "RSA"]
[SourceTitle "CBM 177 Extra"]
[Source "ChessBase"]
[SourceDate "2017.04.27"]
[SourceVersion "1"]
[SourceVersionDate "2017.04.27"]
[SourceQuality "1"]

1. e4 d5 2. exd5 Qxd5 3. Nc3 Qa5 4. Bd3 Nf6 5. Nge2 e5 6. 0-0 Be6 7. f4 Bc5+ 8. Kh1 Nc6 9. a3 0-0-0 10. b3 Bg4 11. Bb2 Qb6 12. Na4 Qa5 13. Bc3 Bxe2 14. Bxa5 Bxd1 15. Raxd1 Bd4 16. c3 Bb6 17. Bxb6 axb6 18. Bb5 Rhe8 19. Bxc6 bxc6 20. Nb2 Re7 21. a4 Rde8 22. b4 exf4 23. a5 b5 24. a6 Kb8 25. Ra1 Ka7 26. Nd3 Nd5 27. h3 g5 28. Nc5 h6 29. Nb3 f6 30. Na5 Re6 31. Nb7 Re2 32. d3 Nxc3 33. Rfc1 1/2-1/2

[Event "RSA-ch U10"]
[Site "Gauteng"]
[Date "2017.04.06"]
[Round "2"]
[White "Daniel, Isaiah"]
[Black "Rooplal, Jasveer"]
[Result "0-1"]
[WhiteElo "890"]
[BlackElo "760"]
[PlyCount "91"]
[EventDate "2017.04.05"]
[EventType "swiss"]
[EventRounds "11"]
[EventCountry "RSA"]
[SourceTitle "CBM 177 Extra"]
[Source "ChessBase"]
[SourceDate "2017.04.27"]
[SourceVersion "1"]
[SourceVersionDate "2017.04.27"]
[SourceQuality "1"]

1. e4 e5 2. Nf3 Nc6 3. Bc4 h6 4. Nc3 Nf6 5. d3 Bc5 6. a3 0-0 7. Be3 Be7 8. d4 exd4 9. Nxd4 Nxd4 10. Bxd4 d6 11. h3 Be6 12. Bd3 Qe8 13. Qf3 c6 14. Qg3 Qd7 15. 0-0-0 d5 16. e5 Ne8 17. Be3 d4 18. Bxh6 Qc8 19. Bg5 Bxg5+ 20. Qxg5 dxc3 21. Qh5 cxb2+ 22. Kxb2 g6 23. Qh6 Qc7 24. Rhe1 Qb6+ 25. Kc1 Ba2 26. Re4 Ng7 27. Rh4 Nh5 28. Bxg6 fxg6 29. Qxg6+ Ng7 30. Qh7+ Kf7 31. Rd7+ Ke8 32. Qxg7 Qb1+ 33. Kd2 Rxf2+ 34. Ke3 Qe1+ 35. Kd4 Qd2+ 36. Kc5 Qc3+ 37. Kd6 Rd2+ 38. Kc7 Qa5+ 39. Kxb7 Rxd7+ 40. Qxd7+ Kxd7 41. Rh7+ Ke6 42. Rh6+ Kxe5 43. Rh5+ Ke4 44. Rxa5 Re8 45. Ra4+ Kd5 46. g4 0-1

[Event "RSA-ch U10"]
[Site "Gauteng"]
[Date "2017.04.05"]
[Round "1"]
[White "Rooplal, Jasveer"]
[Black "Fourie, Keanan"]
[Result "0-1"]
[WhiteElo "760"]
[BlackElo "1041"]
[PlyCount "80"]
[EventDate "2017.04.05"]
[EventType "swiss"]
[EventRounds "11"]
[EventCountry "RSA"]
[SourceTitle "CBM 177 Extra"]
[Source "ChessBase"]
[SourceDate "2017.04.27"]
[SourceVersion "1"]
[SourceVersionDate "2017.04.27"]
[SourceQuality "1"]

1. e4 e6 2. Nf3 Nc6 3. Be2 g6 4. Nc3 Bg7 5. 0-0 Nge7 6. h3 0-0 7. d3 b6 8. Bd2 Bb7 9. a3 Re8 10. b4 a6 11. Re1 d5 12. Ra2 b5 13. Bf1 d4 14. Nb1 a5 15. bxa5 Nxa5 16. Ng5 h6 17. Nf3 Nec6 18. Qc1 Kh7 19. Be2 Qd6 20. Bf4 e5 21. Bd2 Ra7 22. c4 bxc4 23. dxc4 Rea8 24. c5 Qd7 25. Bb5 Ba6 26. Bxc6 Nxc6 27. Nh4 Qe6 28. Ra1 Bd3 29. Qb2 Qe7 30. Nf3 Qxc5 31. Qb3 Bxb1 32. Raxb1 Qe7 33. Qd5 Nd8 34. Bb4 Qe6 35. Ra1 Qxd5 36. exd5 f6 37. Be7 c6 38. Rec1 Rxe7 39. dxc6 Rc7 40. Nh2 Nxc6 0-1